Central Library and Information Centre
Sibsagar Girls' College, Sivasagar : Assam

TRADITION AND PARADISE LOST (Record no. 4897)

MARC details
000 -LEADER
fixed length control field 00495cam a2200193ua 4500
008 - FIXED-LENGTH DATA ELEMENTS--GENERAL INFORMATION
fixed length control field 161021n1987 II |||gr||||Z||||||eng
040 ## - CATALOGING SOURCE
Original cataloging agency MAIN
041 ## - LANGUAGE CODE
-- English
082 ## - DEWEY DECIMAL CLASSIFICATION NUMBER
Classification number 808 GOH
100 ## - MAIN ENTRY--PERSONAL NAME
Personal name GOHAIN , HIREN.
245 ## - TITLE STATEMENT
Title TRADITION AND PARADISE LOST
Remainder of title PHD THESIS
250 ## - EDITION STATEMENT
Edition statement 1ST.
260 ## - PUBLICATION, DISTRIBUTION, ETC.
Place of publication, distribution, etc. GUWAHATI
Name of publisher, distributor, etc. UNITED DAS PUBLISHERS
Date of publication, distribution, etc. 1987
300 ## - PHYSICAL DESCRIPTION
Extent 200:
Dimensions 21CM.
700 ## - ADDED ENTRY--PERSONAL NAME
Personal name GOHAIN , HIREN.,
Relator term AUTHOR.
942 ## - ADDED ENTRY ELEMENTS (KOHA)
Koha item type Books
653 ## - INDEX TERM--UNCONTROLLED
Uncontrolled term Rhetoric & collections of literature
Holdings
Withdrawn status Lost status Damaged status Not for loan Collection code Home library Current library Shelving location Date acquired Full call number Barcode Date last seen Copy number Price effective from Koha item type Public note
        REFENG Central Library and Information Centre Sibsagar Girls College Central Library and Information Centre Sibsagar Girls College ENGLISH REFERENCE RACK 15.05.1975 808 GOH 04639 27.02.2020 1 27.02.2020 Books V


Sibsagar Girl's College © 2020. All rights reserved.
Powered by Koha.
Maintained by Abhijit Borpuzari.